Statistiques concernant Départements français ayant une grande superficie forestière

Cliquez ici pour prendre le quiz!

Statistiques générales

  • Ce quiz a été pris 116 fois
  • Le résultat moyen est 6 sur 10

Statistiques - réponses

Superficie forestière (km²)Départements% Correct
5 703Landes
91%
83 000Guyane
83%
4 760Gironde
76%
2 802Vosges
74%
3 482Var
53%
2 653Corrèze
50%
3 896Dordogne
50%
2 834Drôme
48%
3 400Alpes-de-Haute-Provence
43%
3 163Côte-d'Or
32%

Distribution des résultats

Percentile par nombre de réponses

% des personnes avec chaque résultat

Votre développement - résultats

Vous n’avez pas pris ce quiz